[Event "Hoogovens-B"]
[Site "Wijk aan Zee"]
[Date "1997.01.23"]
[Round "3"]
[White "Nijboer, Friso"]
[Black "Van der Sterren, Paul"]
[Result "0-1"]
[WhiteElo "2555"]
[BlackElo "2515"]
[Annotator "Tyomkin,D"]
[PlyCount "52"]
[EventDate "1997.01.21"]
[EventType "tourn"]
[EventRounds "11"]
[EventCountry "NED"]
[EventCategory "10"]
[SourceTitle "CBM 057"]
[Source "ChessBase"]
[SourceDate "1997.04.01"]
[SourceVersion "1"]
[SourceVersionDate "1997.04.01"]
[SourceQuality "1"]

1. e4 {Gutman} c5 2. Nf3 d6 3. d4 cxd4 4. Nxd4 Nf6 5. Nc3 a6 6. Be2 e5 7. Nb3
Be7 8. O-O O-O 9. Kh1 Qc7 10. f4 b5 11. a4 (11. fxe5 {Gutman} dxe5 12. Bg5 {
stellt größere Probleme für Schwarz.}) 11... b4 12. Nd5 Nxd5 13. exd5 Bf5 $5
$146 (13... Bb7 {Tyomkin,D} 14. a5 Nd7 15. Ra4 Nf6 16. Rxb4 Bxd5 (16... Nxd5
17. Rxb7 Qxb7 18. Bf3 $18) 17. Rb6 Bb7 (17... Rfc8 $5 18. fxe5 dxe5 19. Rbxf6
$6 Rd8) 18. Qd3 Be4 19. Qc4 Qd7 20. fxe5 Rfc8 21. Qd4 Rxc2 22. Nd2 dxe5 23.
Qxd7 Nxd7 24. Rxa6 Rxa6 25. Bxa6 $10 {Lutz -Shirov A/Frankfurt op/1996/}) 14.
c4 $5 (14. Bd3 $5 Bxd3 (14... e4 15. Nd4 exd3 (15... Bg6 16. Be2 h6 $8 17. f5
Bh7 18. Rf4 Bf6 (18... Nd7 19. Nc6 $16 (19. Rxe4 Nf6)) 19. Rxe4 Bxd4 20. Rxd4
Bxf5 21. Bd3 Bxd3 22. Qxd3 Rc8 23. Qg3 $16) 16. Nxf5 dxc2 17. Nxe7+ Qxe7 18.
Qxc2 $13) 15. Qxd3 Nd7 16. Bd2 $1 (16. Be3 {Gutman Verdiente den Vorzug}) 16...
Rac8 (16... a5 17. c3 bxc3 18. Bxc3 Rfb8 19. Nd2 $14) 17. Rac1 Qc4 (17... a5
18. c3 $16) 18. Qxc4 Rxc4 19. Na5 Rd4 20. Bxb4 $1 Rxb4 (20... Rxd5 21. Nc6 Re8
22. Nxe7+ Rxe7 23. Rfd1 Rxd1+ 24. Rxd1 Re6 25. f5 $18) 21. Nc6 Rxb2 (21... Rxa4
22. Nxe7+ Kh8 23. Nf5 $1 exf4 24. Nxd6 $16) 22. Nxe7+ Kh8 23. Nf5 exf4 24. Nxd6
$14) 14... bxc3 15. bxc3 Qxc3 16. Ra2 $6 (16. Bd2 $1 Qc2 (16... Qc8 17. Rc1 Qd7
18. Ba5 $1 Rc8 (18... Bd8 $2 19. Bxd8 Rxd8 20. fxe5 Bg6 (20... dxe5 21. Nc5 $18
) 21. e6 $1 Qxa4 22. Rc4 $1 Qe8 23. Rc7 f6 24. Qc1 $1 $18) 19. Rxc8+ Qxc8 20.
fxe5 dxe5 21. d6 Bf6 22. Qd5 $1 Ra7 23. Nc5 $44) (16... Qb2 $2 17. Rc1 $1 (17.
Bc1 Qc3 18. Bd2 $10) 17... exf4 18. Bc3 Qa2 19. Rxf4 Bg6 20. Qd4 $18) 17. Rc1
Qxd1 18. Bxd1 Be4 $1 (18... Bd3 19. Re1 Bh4 (19... e4 20. Be2 Bxe2 21. Rxe2 f5
22. Nd4 Ra7 23. g4 $1) 20. g3 Bf6 21. Bb4 Rd8 22. Rc7 $44)) 16... Be4 $1 $15
17. fxe5 dxe5 {Weiß hat keine Kompensation für den Bauern.} 18. Bf3 $2 (18. Bb2
$142 Qh3 19. Bf3 Bxf3 20. Rxf3 Qh5 $15) 18... Bxf3 19. Rxf3 Qc4 $1 $17 20. Rc2
(20. d6 Rd8 21. Rd2 Bf8 $17) 20... Qb4 21. Rd3 (21. a5 Rd8 22. Rd3 $17) 21...
Nd7 22. Rc7 $6 (22. d6 Bd8 23. a5 Rb8 24. Bd2 Qa4 25. Rc1 $17) 22... Qxa4 $19
23. Rg3 Rfd8 24. d6 Bxd6 25. Bh6 Bf8 26. Rg4 Nf6 0-1

[Event "Koop Tjuchem"]
[Site "Groningen"]
[Date "1996.??.??"]
[Round "2"]
[White "Short, Nigel D"]
[Black "Gelfand, Boris"]
[Result "1/2-1/2"]
[WhiteElo "2695"]
[BlackElo "2665"]
[Annotator "Tyomkin,D"]
[PlyCount "49"]
[EventDate "1996.12.20"]
[EventType "tourn"]
[EventRounds "11"]
[EventCountry "NED"]
[EventCategory "16"]
[SourceTitle "CBM 057"]
[Source "ChessBase"]
[SourceDate "1997.04.01"]
[SourceVersion "1"]
[SourceVersionDate "1997.04.01"]
[SourceQuality "1"]

1. e4 {Tyomkin,D} c5 2. Nf3 d6 3. d4 cxd4 4. Nxd4 Nf6 5. Nc3 a6 6. a4 Nc6 7.
Be2 e5 8. Nb3 Be7 9. O-O O-O 10. Bg5 Be6 11. Bxf6 Bxf6 12. Nd5 Bg5 (12... Nd4 {
Short,N-Lautier,J/Wijk Hoogovens 1997/1/2-1/2/(28) Tyomkin,D}) 13. a5 Rc8 14.
Bg4 Nd4 $6 $146 {14...Bh6,14...Bxg4,14...Kh8-see my notes to the game
Short-Lautier,Wijk Hoogovens,1997} 15. Nxd4 exd4 16. f4 Bh6 (16... Bf6 $5) (
16... Bxg4 $2 17. Qxg4 Bf6 18. Qf5 $16) 17. Bxe6 $1 (17. Bf5 $6 g6 18. Qg4 Re8
$1 (18... Bxf5 19. exf5 Rxc2 20. Qd1 $1) 19. Rf2 (19. Nb4 Rc4) (19. Bxe6 fxe6
20. Nb4 Rc4 $17) 19... Rc5 $132) (17. Rf2 $5) (17. Nb4 Bxg4 18. Qxg4 Rc4 $15 {
[%csl Rc2]}) 17... fxe6 18. Nb6 Rc5 {[%cal Gc5a5,Gc5h5]} 19. g3 $14 {Short
played strong in the opening and got advantage after new move of Gelfand} e5 $8
(19... d3 20. Qxd3 Rxa5 21. Nc4 $16 {[%csl Rh6]}) 20. f5 $6 {After this
"logical" move white misses the advantage,which was  achived by strong play of
Short} (20. b4 $14) (20. fxe5 Rxf1+ 21. Qxf1 dxe5 22. Qd3 $14) 20... Qc7 21. c3
(21. Nd5 Rxd5 $1 22. exd5 Qc5 $15) 21... Rb5 $11 (21... dxc3 $5 {Gelfand
didn't take a risk to accept a sacrifice,and choose a reliable continuation,
which leads to complicated ending, where black was not worse} 22. bxc3 (22. Nd5
c2) (22. Qb3+ Qf7 23. Qxf7+ Rxf7) 22... Rxc3 (22... Rxa5 23. Qb3+) 23. Nd5 (23.
Kh1 $5 Rc2 24. f6 $13) 23... Qc5+ 24. Kh1 Rc4 25. f6 $1 $44 (25. Qb3 Kh8 26. f6
gxf6 27. Qxb7 Bg7 28. Qxa6 Rxe4 $17 29. Nxf6 $140 $2 Rc4 $19) 25... Qd4 $1 (
25... Rxe4 26. Ne7+ Kh8 27. fxg7+ $44) 26. Qxd4 Rxd4 27. Rab1 $36) 22. Nd5 Qc4
23. Ra4 Qb3 24. Qxb3 Rxb3 25. cxd4 (25. cxd4 exd4 26. Rxd4 Rxb2 {[%csl Ra5]
[%cal Gh6d2,Gd2a5]} 27. Rc4 Bd2 $15 {]}) 1/2-1/2

[Event "Buenos Aires Sicilian"]
[Site "Buenos Aires"]
[Date "1994.10.17"]
[Round "5"]
[White "Karpov, Anatoly"]
[Black "Anand, Viswanathan"]
[Result "1/2-1/2"]
[WhiteElo "2780"]
[BlackElo "2720"]
[Annotator "Wahls,M"]
[PlyCount "98"]
[EventDate "1994.10.12"]
[EventType "tourn"]
[EventRounds "14"]
[EventCountry "ARG"]
[EventCategory "18"]
[SourceTitle "CBM 044"]
[Source "ChessBase"]
[SourceDate "1995.02.01"]
[SourceVersion "1"]
[SourceVersionDate "1995.02.01"]
[SourceQuality "1"]

1. e4 c5 2. Nf3 d6 3. d4 cxd4 4. Nxd4 Nf6 5. Nc3 a6 6. Be2 e5 7. Nb3 Be7 8. O-O
O-O 9. Bg5 (9. a4 Be6 10. f4 exf4 11. Bxf4 Nc6 12. Kh1 d5 13. e5 Ne4 14. Bd3 f5
15. exf6 Bxf6 16. Nxe4 dxe4 17. Bxe4 Bc4) 9... Be6 10. f4 exf4 11. Bxf4 Nc6 12.
Kh1 d5 13. e5 Ne4 (13... Nd7 14. Nxd5 Ndxe5 15. c4 Bg5 16. Nc5 Bxf4 17. Nxe6 {N
} (17. Rxf4 {- 30/481}) 17... fxe6 18. Nxf4 Qxd1 $1 (18... Qe7 19. Qd2 Rad8 20.
Qe3 Rd4 21. Rac1 $14) 19. Raxd1 Rf6 $1 20. Kg1 Raf8 21. Nh5 (21. g3 $6 g5 22.
Ng2 Rxf1+ 23. Rxf1 Nd4 $15) 21... Rxf1+ 22. Bxf1 (22. Rxf1 $2 Rd8) 22... g6 23.
Ng3 Rf4 $1 $10 {/\ Kf7-e7, h5-h4} 24. b3 Kf7 25. h3 (25. Ne2 $5 Re4 26. h3 {
/\Kf2,Nc3} (26. Nc3 Re3 27. Rc1 Nd4 28. h3 Nd3 29. Bxd3 Rxd3 $15) 26... Nb4 $1
27. Rd2 Nbd3 $10) 25... Ke7 26. Ne2 Rf8 $1 (26... Re4 27. Kf2 Nb4 28. Nc3 Rf4+
29. Kg3 Rf8 30. Be2 $14) 27. Nc3 h5 $1 {/\ h4} 28. Be2 h4 29. Ne4 Rf4 30. Nc5
Nd4 31. Rd2 $6 b5 $1 32. Nxa6 bxc4 33. bxc4 Re4 34. Kf1 $1 Nf5 35. Nc5 Rf4+ 36.
Kg1 Ng3 $6 37. a4 Nxc4 38. Ra2 $1 $10 Na5 39. Bf3 {1/2-1/2 Psakhis,L-Gurevich,
I/New York 55/262 1992}) 14. Bd3 (14. Nxe4 dxe4 15. Nd2 Bg5 16. Nxe4 {1/2-1/2
Karpov-Najdorf/Hastings 71/72 1971}) 14... f5 15. exf6 Bxf6 16. Nxe4 (16. Qe1
Bxc3 17. bxc3 Qe7 18. Bxe4 dxe4 19. Qxe4 Qf7 {= Balashov,Yury-Rashkovski/USSR
ch 1986}) 16... dxe4 17. Bxe4 $5 {Versucht Altunbewährtes zu verbessern.} (17.
Nc5 Bd5 (17... exd3 18. Nxe6 dxc2 19. Qxc2 Nd4 20. Nxd4 Qxd4 {= Tseshkovsky,
V-Tukmakov,V/USSR (ch) 33/(373) 1981}) 18. Nxe4 Bxb2 {= Jansa-Rashkovski/ 1980}
) 17... Bc4 $6 (17... Qxd1 {Ist dies zu einfach,zu langweilig,oder habe ich
etwas übersehen?} 18. Raxd1 Bc4 (18... Bxb2 19. Nc5 Bc4 20. Bd3 Bxd3 (20...
Bxa2) 21. cxd3 b5) 19. Bd3 Bxd3 20. cxd3 Bxb2 21. d4 Bxd4 $5 22. Nxd4 Nxd4 23.
Rxd4 g5 24. Rb1 Rxf4 25. Rxf4 gxf4 26. Rxb7 Rc8) 18. Bd6 $1 Bxf1 19. Qd5+ Kh8
20. Qh5 g6 21. Bxg6 Bxg2+ 22. Kxg2 Qd7 23. Nc5 Qg7 24. Bxf8 Qxg6+ 25. Qxg6 hxg6
26. Bd6 Re8 27. Rf1 Bxb2 28. Nxb7 {Aus den mit 17..Lc4?! beginnenden
Komplikationen resultieren schließlich hervorragende weiße Gewinnaussichten.}
Kg8 29. c4 Bd4 30. Kg3 Bg7 31. Rb1 Re3+ 32. Kf2 Bd4 33. Kf1 Rf3+ 34. Ke2 Rc3
35. c5 Be3 36. Kf1 Nd4 37. Rb2 g5 38. Kg2 Kf7 39. Bg3 Ne6 40. Nd6+ Kg6 41. Rb6
Bxc5 42. Rxa6 Bxd6 43. Rxd6 Kf6 44. a4 Ra3 45. Ra6 Kf5 46. a5 Nf4+ 47. Kf2 Ke4
48. Ke1 Ra2 49. Kd1 Ke3 1/2-1/2

[Event "BEL-ch"]
[Site "Eupen"]
[Date "2003.07.06"]
[Round "2"]
[White "Michiels, Bart"]
[Black "Van der Stricht, Geert"]
[Result "0-1"]
[WhiteElo "2376"]
[BlackElo "2450"]
[Annotator "Winants,L"]
[PlyCount "84"]
[EventDate "2003.07.05"]
[EventType "swiss"]
[EventRounds "9"]
[EventCountry "BEL"]
[SourceTitle "CBM 095 Extra"]
[Source "ChessBase"]
[SourceDate "2003.09.04"]
[SourceVersion "1"]
[SourceVersionDate "2003.09.04"]
[SourceQuality "1"]

1. e4 c5 2. Nf3 d6 3. d4 cxd4 4. Nxd4 Nf6 5. Nc3 a6 6. Be2 e5 7. Nb3 Be7 8. O-O
{Une variante mise en vogue grâce aux succès de Geller et Karpov. Dès la
sortie du Fou sur e6, les Blancs pourront envisager la poussée du pion vers f5,
pour entamer le siège des cases blanches, en particulier d5, ou lancer un
assaut а l'aile Roi via g4-g5. C'est pourquoi les Noirs ne se pressent pas de
roquer.} Be6 9. f4 Qc7 10. f5 {on pourrait aussi jouer tout d'abord} (10. a4) (
{ou} 10. Kh1) 10... Bc4 11. Be3 b5 {Avant d'avoir achevé le développement, un
coup très risqué.} (11... Nbd7 {était plus prudent.}) 12. Bxc4 Qxc4 13. Na5 Qc8
14. Nd5 {Bart ne cherche curieusement pas а bousculer les pions ennemis.} (14.
a4 {s'imposait.}) 14... Nbd7 15. Nxe7 {J'aurais certainement préféré sacrifier
un pion ou deux, plutôt que d'échanger un tel Cavalier.} (15. a4 {ou 15.c4
étaient plus intéressants.}) 15... Kxe7 16. Qd3 ({Ici encore, il fallait
essayer} 16. c4) 16... Nc5 17. Bxc5 Qxc5+ {Les position des Noirs se révèle
très favorable : les pièces adverses sont dispersées et le pion e4 vulnérable.}
18. Kh1 Rhc8 19. c3 b4 20. Nb3 Qb5 $1 21. Qg3 bxc3 22. bxc3 Qc4 {L'édifice
s'écroule comme un château de cartes.} 23. Qxg7 {Cette prise ne fait que hâter
la fin.} Rg8 24. Qh6 {[#]} Qxe4 $4 (24... Rxg2 $1 {gagnait sur-le-champ.}) 25.
Qd2 Qh4 26. Rad1 Rad8 27. Kg1 $2 {Retour du compliment} (27. Rf3 {conservait
de bonnes chances de sauvetage.}) 27... Rxg2+ $1 {Une fois, mais pas deux !}
28. Qxg2 ({Si} 28. Kxg2 Rg8+ {et mat en trois coups.}) 28... Rg8 29. Qxg8 Nxg8
{L'avantage matériel, ajouté а la mauvaise position du Roi, doit assurer le
gain.} 30. Rd2 Qg5+ 31. Kh1 Nf6 32. c4 Qe3 33. c5 dxc5 34. Rg2 c4 35. Na5 Qc5
36. Nxc4 Qxc4 37. Re1 Qd5 38. Kg1 h5 39. Rge2 Qd4+ 40. Kg2 Qd5+ 41. Kg3 e4 42.
Kf4 Qd3 {Les Blancs abandonnent.} 0-1

[Event "Olympiad-41"]
[Site "Tromsoe"]
[Date "2014.08.14"]
[Round "11.3"]
[White "Duda, Jan Krzysztof"]
[Black "Yu, Yangyi"]
[Result "0-1"]
[WhiteElo "2579"]
[BlackElo "2668"]
[Annotator "Yu,Yangyi"]
[PlyCount "116"]
[EventDate "2014.08.02"]
[EventType "team-swiss"]
[EventRounds "11"]
[EventCountry "NOR"]
[SourceTitle "CBM 162"]
[Source "ChessBase"]
[SourceDate "2014.09.17"]
[SourceVersion "1"]
[SourceVersionDate "2014.09.17"]
[SourceQuality "1"]
[WhiteTeam "Poland"]
[BlackTeam "China"]
[WhiteTeamCountry "POL"]
[BlackTeamCountry "CHN"]

1. e4 {Before the 11th and final round, our team was heading the table with a
1-point lead over Hungary. A draw in the final round against Poland would
secure us the gold medal. During the rest day preceding the 11th round, our
team spent a lot of time preparing. Both my opponent, the 1998-born Jan
Krzysztof Duda, had scored 8.5 points in the first 10 rounds and seemed in
good form. This was our second encounter of the year following our game at the
Tata Steel Tournament in Wijk aan Zee.} c5 2. Nf3 d6 3. d4 cxd4 4. Nxd4 Nf6 5.
Nc3 a6 6. Be2 e5 7. Nb3 Be7 8. Bg5 {Trying not to run into any preparation. My
opponent usually plays 8.0-0 or 8.Be3 and must have expected me to prepare for
these two lines.} (8. Be3 Be6 9. Nd5 Nbd7 10. f3 (10. Qd3 O-O 11. O-O Bxd5 12.
exd5 Ne8 13. f3 f5 14. a4 Bg5 15. Bf2 e4 16. fxe4 Ne5 17. Qd4 f4 18. Nc5 Nc7
19. Nd3 Bf6 20. Qb4 g5 21. Nxe5 Bxe5 22. Ra3 Ne8 23. Bg4 Qf6 24. Be6+ Kh8 25.
Qxb7 Ng7 26. Rb3 Qg6 27. Qb4 a5 28. Qd2 Qxe4 29. Re1 Qxa4 30. Rb7 Rab8 31. b3
Qa2 32. Rxb8 Rxb8 33. Qd3 a4 34. bxa4 Qxa4 35. Bg4 Rb2 36. Bd1 Rb1 37. h4 gxh4
38. c4 Qa1 39. c5 Rc1 40. cxd6 Bxd6 41. Bd4 Qa8 42. Qa6 Qxa6 43. Re8+ Bf8 44.
Rxf8# {1-0 Duda,J (2553)-Goudriaan,E (2431)/Wijk aan Zee NED 2014/The Week in
Chess 1003}) 10... Bxd5 11. exd5 a5 12. c4 a4 13. Nd2 Qa5 14. O-O Bd8 15. c5 b5
16. c6 Nb8 17. b4 Qa6 18. Ne4 Nxe4 19. fxe4 Bb6 20. Qd3 Qa7 21. Bxb6 Qxb6+ 22.
Kh1 Na6 23. Qxb5 Qxb5 24. Bxb5 Nc7 25. Bc4 Rb8 26. Rab1 Na8 27. Kg1 Rf8 28. Rf3
Kd8 29. Kf2 Rc8 30. Ba6 Rc7 31. Ke3 Re7 32. Rbf1 Nb6 33. Kd2 Rc7 34. Kc3 Re7
35. g4 h6 36. Rh3 Rg8 37. b5 Kc7 38. Kb4 f6 39. Ra3 Rh8 40. Bb7 Rg8 41. Rxa4 {
1-0 Duda,J (2411)-Givon,A (2340)/Olomouc CZE 2012/The Week in Chess 927}) ({
Almasi played 8.0-0 against me in Round 3:} 8. O-O O-O 9. Re1 Be6 10. Bf3 a5 $5
11. a4 Na6 12. Bg5 h6 13. Bxf6 Bxf6 14. Nb5 Qb6 15. Nd2 Rfd8 16. Nf1 Nc5 17.
Qe2 d5 18. exd5 Bxd5 19. Bxd5 Rxd5 20. Ne3 Rd7 21. Rad1 Rad8 22. b3 Qe6 23.
Rxd7 Rxd7 24. Rd1 e4 25. Rxd7 Qxd7 26. Qc4 Be7 27. Nc3 Qc6 28. g3 Bf8 29. Qd5
Qe8 30. Nc4 g6 31. Ne5 Kg7 32. Nxe4 Nxe4 33. Qxe4 Bd6 34. f4 Qe6 35. Qd4 f6 36.
Nf3 g5 37. fxg5 hxg5 38. Kf2 b6 39. Qd3 Bc5+ 40. Nd4 Qd5 41. c3 Qxb3 42. Kf3
g4+ 43. Kxg4 Qxa4 44. Kf3 Bxd4 45. cxd4 b5 46. d5 b4 47. d6 Qd7 48. h4 b3 49.
Qxb3 Qc6+ 50. Kg4 Qxd6 51. Qb7+ Kh6 52. Qa8 Qd7+ 53. Kf4 Qc7+ 54. Kf3 Kg7 55.
Qe8 Qc3+ 56. Kg2 Qc2+ 57. Kh3 Qf5+ 58. Kg2 Qd5+ 59. Kh2 Qa2+ 60. Kh3 Qf7 61.
Qa4 Qe6+ 62. Kh2 Qe2+ 63. Kh3 Qf1+ 64. Kh2 Qf5 65. Qe8 Qe5 66. Qd7+ Kg6 67.
Qd3+ Qf5 68. Qe2 Kf7 69. Qc4+ Kg7 70. Qc7+ Kg6 71. Qc4 Qf2+ 72. Kh3 Qf5+ 73.
Kg2 Kg7 74. Qc7+ Kh6 75. Qc6 Qe5 76. Qc4 Qd6 77. g4 Qd7 78. Qf4+ Kg7 79. g5
Qd5+ 80. Kf2 Qc5+ 81. Ke2 Qe5+ 82. Qe3 Qxe3+ 83. Kxe3 f5 84. h5 a4 85. Kf4 a3 {
0-1 Almasi,Z (2690)-Yu Yangyi (2668)}) 8... Be6 9. Bxf6 Bxf6 10. Qd3 {I knew
10...Nc6 is the most frequently played variation, but I decided to choose a
line that keeps as many pieces as possible on the board to maintain the
tension.} O-O (10... Nc6 11. O-O-O Qb6 12. Qxd6 Be7 13. Nd5 Bxd5 14. Qxd5 O-O
15. Qd2 Qxf2 16. Bc4) 11. O-O-O Be7 {I knew 12.Kb1 and 12.Nd5 are played often.
I think 12.g3 is also interesting.} 12. Kb1 (12. g3 $5 {[%cal Gf2f4]}) 12...
Nd7 13. Nd5 Bxd5 14. Qxd5 {14...Qb6 and 14...Qb7 are the most frequently
played moves, but over the board I felt both moves unnecessarily slow down the
pace of Black's counterattack on the queenside. That's why I played 14...b5
straight away.} b5 (14... Qc7 15. Qc4 Qb6 16. Rhf1 Rfc8 17. Qd3) 15. Qb7 {
I had anticipated this logical response after 14...b5. White wouldn't allow me
to play ...Qc7 and ...Nb6 easily. However, I had already concocted a shrewd
plan to trap his queen after 15...Qb7.} Nf6 $1 16. f3 {Obviously my opponent
still hasn't seen through my plan. 16.f4 seemed stronger in my view and would
have given White an edge but Black should be able to hold.} (16. f4 $1 Qd7 (
16... Rb8 17. Qxa6 Nxe4 (17... Qc7 18. Qa5 Qb7) 18. Rhe1 $1 (18. fxe5 Rb6 19.
Qa5 Nf2 20. exd6 Bxd6 21. Bxb5 Nxh1 22. Rxh1 Bc7 $1 $15 {[%cal Gd8d5]}) 18...
Qc7 19. Bf3 Rb6 20. Qa5 $14) 17. Qxd7 Nxd7 18. g3 $11 g6 19. c4 Rfb8) 16... Re8
$1 17. c4 $2 {Overlooking the plan of ...Bf8, ...Re7. He should have retreated
his queen to c6 now before it was too late.} (17. a3 Bf8 18. Qc6 (18. Rd2 Re6
$1 $17 {[%cal Gd6d5,Ge6b6]}) 18... Qb8 19. Qc3 Rd8 $13) (17. Qc6 Qb8 18. Qc3
Rc8 19. Qd2 Rd8 $13) 17... Bf8 $1 18. Qc6 $2 {I believe 18.c5 would have been
better. The position is more comfortable for White than the one that emerged
on the board.} (18. cxb5 Re7 19. Qc6 Rc7 20. Qb6 Rc1+ $19) (18. c5 Re7 19. Qc6
Rc7 20. Qb6 Nd7 $17) (18. c5 Re7 19. Qb6 Qxb6 20. cxb6 Rb7 21. Rc1 Rxb6 22.
Rhd1 a5 $17) 18... Qb8 $1 19. Na5 Qa7 $1 $17 {A strong move that puts a finger
on White's problems: the vulnerable queen and the weak dark squares on the
kingside.} (19... Ra7 20. cxb5 Rc8 21. bxa6 Rxc6 22. Nxc6 Qb6 23. Nxa7 Qxa7 24.
Rc1 $13) (19... d5 $5 20. cxb5 (20. cxd5 Bb4 21. Nb7 Rc8 22. Qb6 Nd7 $19) 20...
axb5 $15 (20... Bb4 21. b6 Bxa5 22. b7 Ra7 23. Bxa6 d4 24. Rc1 Rd8 25. Qb5 Bc3
26. bxc3 Qd6 27. cxd4 Rxa6 28. dxe5 Rb6 29. exd6 Rxb5+ 30. Ka1 Rxb7 31. e5 Nd7
$11)) 20. c5 (20. cxb5 axb5 21. b4 d5) 20... dxc5 21. Qb7 c4 22. Qxa7 Rxa7 23.
Rc1 Rc7 24. Nb3 Rd7 25. Na1 Rd2 26. Rc2 Red8 $19 {Black has a large advantage
- he is a pawn up and generally has a better position.} 27. b3 c3 28. a4 bxa4
29. Bxa6 a3 30. Bb5 h5 31. h4 g6 32. Re1 Bb4 33. Rec1 Kg7 34. Ka2 Ng8 $1 {
A strong maneuver, threatening ...f5. Here I had calculated that the bishop
ending after 39...Nd4 would be winning for Black in the continuation that
eventually unfolded in the game.} 35. Rxd2 Rxd2+ 36. Rc2 Ne7 (36... f5 $5 37.
Rxd2 cxd2 38. Be2 fxe4 39. Nc2 exf3 40. gxf3 Be7 41. b4 Bxh4 $19) 37. Rxd2 cxd2
38. Be2 Nc6 39. Nc2 Nd4 $1 40. Nxd4 exd4 41. f4 d3 42. Bd1 Kf6 43. g4 hxg4 44.
Bxg4 Ke7 $1 {White's king cannot make any progress, whereas Black's monarch is
free to enter White's position on the dark squares and help his pawns promote.}
45. e5 Kd8 $1 46. f5 (46. h5 gxh5 47. Bxh5 Kc7 48. f5 Kc6 49. e6 fxe6 50. fxe6
Kd5 $19) 46... gxf5 47. Bd1 Ke7 48. h5 Kf8 49. Kb1 Kg7 50. Bf3 Kh6 51. Ka2 Kg5
52. Bd1 f4 53. Kb1 Kf5 54. Bf3 Kxe5 55. Ka2 Bf8 56. h6 Kf6 57. Bh5 Bb4 58. Kb1
f3 {A very beautiful final position. We have won the gold medal!
Congratulations and thanks to the entire team! Thank you!} 0-1